| 000 | 00363nam a2200133 i 4500 | ||
|---|---|---|---|
| 001 | 82617 | ||
| 003 | ES-MaACL | ||
| 007 | t| | ||
| 008 | 041111s1972 sp ||||1| spa d | ||
| 245 | 0 | 3 | _aEl impuesto sobre el patrimonio neto. |
| 260 |
_a[Madrid] : _bInstituto de Estudios Fiscales, _c[1972] |
||
| 300 |
_a505 p. ; _c19 cm. |
||
| 852 |
_aES-MaACL _jL-722 _bR.101597 |
||
| 999 |
_c82617 _d82617 |
||